| 000 | 00840nam a2200241 u 4500 | ||
|---|---|---|---|
| 005 | 20241011063745.0 | ||
| 008 | 190604s2004 mx 000 0 spa d | ||
| 020 | _a9685797439 | ||
| 035 | _aUPN01000230977 | ||
| 049 | _aLTG | ||
| 050 | 4 |
_aLB2831.9 _bJ5.3 |
|
| 100 | 1 |
_aJiménez Torres, Pedro Gabriel _942746 |
|
| 245 | 1 | 3 |
_aLa función directiva y la calidad de la educación / _cPedro Gabriel Jiménez Torres ; colab. Ma. del Carmen Lucero ... [et al.]. |
| 260 |
_aMéxico : _bSEP, _c2004. |
||
| 300 |
_a1 v. (en varias paginaciones) : _bcuadros |
||
| 440 | 0 | _aCursos generales de actualización | |
| 650 | 4 |
_aDirectores de escuelas _92851 |
|
| 650 | 4 |
_aCalidad de la educación _94684 |
|
| 650 | 4 |
_aMaestros _xFormación profesional _9804 |
|
| 700 | 1 |
_aLucero, María del Carmen, _ecolab. |
|
| 905 | _aLibro | ||
| 999 |
_c203072 _d203072 |
||